The future of AVM modelling (Record no. 82307)

MARC details
000 -LEADER
fixed length control field 01139cam a22001935a 4500
001 - CONTROL NUMBER
control field L149860
008 - FIXED-LENGTH DATA ELEMENTS--GENERAL INFORMATION
fixed length control field 100505e2010 xxk 000 0 eng d
035 ## - SYSTEM CONTROL NUMBER
System control number (Sirsi) u149860
041 0# - LANGUAGE CODE
Language code of text/sound track or separate title eng
100 1# - MAIN ENTRY--PERSONAL NAME
Personal name Kellerman, Ewald
245 04 - TITLE STATEMENT
Title The future of AVM modelling
260 ## - PUBLICATION, DISTRIBUTION, ETC.
Date of publication, distribution, etc. 2010
490 #0 - SERIES STATEMENT
Series statement The South African Valuer
Volume/sequential designation (100) February 2010, 7-11(5)
520 ## - SUMMARY, ETC.
Summary, etc. The use of Automated Valuation Models (AVMs) by banks in South Africa as an alternative to physical inspections has changed in an era of economic stress. Examines the inner workings of AVMs and discusses the positioning, use and future of AVM modelling in South Africa. Concludes that physical inspections and AVMs should be move closer together, progressing more towards the traditional physical valuation based approaches and cost based approaches as the electronic valuation industry matures. Although AVMs are here to stay in South Africa, physical valuations remain essential to enhance and sustain AVM quality.
590 ## - LOCAL NOTE (RLIN)
Local note KA
651 #4 - SUBJECT ADDED ENTRY--GEOGRAPHIC NAME
Geographic name South Africa
690 ## - LOCAL SUBJECT ADDED ENTRY--TOPICAL TERM (OCLC, RLIN)
Topical term or geographic name as entry element PROPERTY-RESIDENTIAL PROPERTY-RESIDENTIAL PROPERTY APPRAISAL AND VALUATION
942 ## - ADDED ENTRY ELEMENTS (KOHA)
Suppress in OPAC 0
Holdings
Withdrawn status Lost status Source of classification or shelving scheme Damaged status Not for loan Home library Current library Shelving location Date acquired Total Checkouts Full call number Barcode Date last seen Copy number Price effective from Koha item type
    Dewey Decimal Classification     London London Journal article 05/05/2010   L149860 149860-1001 06/08/2019 1 06/08/2019 Journal article